00410nam a2200157Ia 450000500170000000800410001704100080005808200150006610000130008124500410009426000380013530000090017350000290018265000280021170000130023920251114165337.0230125s9999 xx 000 0 und d aeng a158.1bRIC aRich D A aHow to click with everyone everytime c2004bTata McGraw HillaNew Delhi a154p aPersonality Development, aPersonality Development aRich D A